Las palabras y las cosas : una arqueología de las ciencias humanas /
Guardado en:
| Autor Principal: | |
|---|---|
| Otros Autores: | |
| Formato: | Libro |
| Idioma: | Undetermined |
| Publicado: |
México :
Siglo veintiuno,
1999.
|
| Edición: | 29a. ed. |
| Materias: | |
| Etiquetas: |
Agregar Etiqueta
Sin Etiquetas, Sea el primero en etiquetar este registro!
|
| LEADER | 00565nam a22001695a 4500 | ||
|---|---|---|---|
| 001 | DER.der015446 | ||
| 008 | 251105s1999####mx############000#0#und#d | ||
| 005 | 20251105194402.0 | ||
| 245 | 1 | 0 | |a Las palabras y las cosas : |b una arqueología de las ciencias humanas / |c Michel Foucault ; traducido por Elsa Cecilia Frost. |
| 250 | |a 29a. ed. | ||
| 260 | |a México : |b Siglo veintiuno, |c 1999. | ||
| 300 | |a 375 p. | ||
| 020 | |a 9682300177 | ||
| 100 | 1 | |a Foucault, Michel. | |
| 700 | 1 | |a Frost, Elsa Cecilia, |e trad. | |
| 650 | 7 | |a FILOSOFÍA | |
| 859 | |a DERECHO |b BIB. DERECHO |h 121.28 |i FOU |p 0010731 | ||
